Cuestiones de política criminal en los tiempos actuales
Saved in:
| Main Authors: | , , , , , |
|---|---|
| Andre forfattere: | |
| Format: | Bog |
| Sprog: | spansk |
| Udgivet: |
Santiago
Jurídica de Chile
2009
|
| Udgivelse: | 1a. ed |
| Fag: | |
| Tags: |
Tilføj Tag
Ingen Tags, Vær først til at tagge denne postø!
|
MARC
| LEADER | 00000nam a2200000 a 4500 | ||
|---|---|---|---|
| 001 | UCH5786 | ||
| 003 | CL-VaPUC | ||
| 008 | 091029e20090000CL |||||||||||||||||spa|d | ||
| 020 | |a 9789561019577 | ||
| 082 | 0 | 4 | |a 345.83 |b MAS |2 21 |
| 100 | |a Mascareño Lara, Aldo |e autor |9 542101 | ||
| 700 | 0 | |a Carnevali Rodríguez, Raúl |e author |9 542102 | |
| 700 | |a Matus Acuña, Jean Pierre |e autor |9 622291 | ||
| 700 | 0 | |a Tamarit Sumalla, Josep María |e author |9 542104 | |
| 700 | 0 | |a García Pérez, Octavio |e author |9 542105 | |
| 700 | 0 | |a Sanz Morán, Angel |e author |9 542106 | |
| 700 | |a Díez Ripollés, José Luis |e author |9 368459 | ||
| 245 | 1 | 0 | |a Cuestiones de política criminal en los tiempos actuales |
| 250 | |a 1a. ed | ||
| 300 | |a 253 p | ||
| 942 | |c BK | ||
| 945 | |d 20091029 00:00:00 |a rbrito | ||
| 260 | |a Santiago |b Jurídica de Chile |c 2009 | ||
| 650 | 7 | |a DERECHO PENAL |2 CL-VaPUC |9 11 | |
| 650 | 7 | |a POLITICA CRIMINAL |2 CL-VaPUC |9 372625 | |
| 650 | 0 | |a Delincuencia |9 335739 | |
| 650 | 0 | |a Derecho español |9 255291 | |
| 583 | |a last modification |c 20091029 00:00:00 |k Rodrigo Vera | ||
| 999 | |c 336833 |d 336831 | ||
| 952 | |0 0 |1 0 |4 0 |6 345_830000000000000_MAS_2009 |7 0 |8 A |9 428816 |a BIBDER |b BIBDER |d 2019-11-22 |i 4612760 |l 1 |m 1 |o 345.83 MAS 2009 |p 4612760 |r 2023-01-25 |s 2021-11-04 |w 2019-11-22 |y BK |k DER | ||